| 000 | 01415nam a2200409 i 4500 | ||
|---|---|---|---|
| 001 | 24789 | ||
| 003 | KOSZ 005 | ||
| 005 | 20221013131849.0 | ||
| 008 | 970510s1995 pl a f f |000 0 pol | ||
| 015 | _aPB 1995/11561 | ||
| 020 | _a8320418127 | ||
| 040 |
_aWA N _cWA N _dKOSZ 005/HR |
||
| 046 | _k1995 | ||
| 080 | _a621.791/.795 | ||
| 080 | _a620.197 | ||
| 080 | _a(075.8) | ||
| 100 | 1 |
_aBurakowski, Tadeusz _d(1934-2016) _eAutor |
|
| 245 | 1 | 0 |
_aInżynieria powierzchni metali : _bpodstawy, urządzenia, technologie / _cTadeusz Burakowski, Tadeusz Wierzchoń. |
| 260 |
_aWarszawa : _bWydawnictwa Naukowo-Techniczne, _c1995. |
||
| 300 |
_a554, [2] s. : _bfot., rys., wykr. ; _c24 cm. |
||
| 336 |
_2rdacontent _aTekst _btxt |
||
| 337 |
_2rdamedia _aBez urządzenia pośredniczącego _bn |
||
| 338 |
_2rdacarrier _aWolumin _bnc |
||
| 380 | _aKsiążki | ||
| 388 | _a1901-2000 | ||
| 388 | _a1989-2000 | ||
| 504 | _aBibliogr. przy rozdz. | ||
| 650 | 4 | _aInżynieria powierzchni | |
| 650 | 4 | _aObróbka metali | |
| 650 | 4 | _aPowłoki ochronne | |
| 655 | 4 | _aPodręczniki akademickie | |
| 658 | _aInżynieria i technika | ||
| 700 | 1 |
_aWierzchoń, Tadeusz _d(1946- ) _eAutor |
|
| 710 | 2 |
_aWydawnictwa Naukowo-Techniczne _4pbl. |
|
| 856 |
_uhttp://koha.tu.koszalin.pl/cgi-bin/koha/opac-detail.pl?biblionumber=24789 _yKatalog online BPK |
||
| 942 |
_2UKD _cKS |
||
| 999 |
_c24789 _d24789 |
||